Σκεπτικισμός και φυσιοκρατία : ορισμένες ποικιλίες : οι διαλέξεις Woodbridge 1983

Αποθηκεύτηκε σε:
Λεπτομέρειες βιβλιογραφικής εγγραφής
Κύριος συγγραφέας: Strawson, P. F.
Μορφή: Βιβλίο
Γλώσσα:Greek
English
Δημοσίευση: Αθήνα : Εκκρεμές, 2003.
Σειρά:Ευμενείς έλεγχοι
Θέματα:
Ετικέτες: Προσθήκη ετικέτας
Δεν υπάρχουν, Καταχωρήστε ετικέτα πρώτοι!

MARC

LEADER 00000nam a2200000 a 4500
001 1/125551
008 221026s2003####gr | ||| |||| ||gre||
020 |a 9607651294 
040 |a GR-MyUa  |b gre  |c GR-MyUa  |e AACR2 
041 1 |a gre  |h eng 
082 7 |a 149.73   |2 (23) 
100 1 |a Strawson, P. F. 
245 1 0 |a Σκεπτικισμός και φυσιοκρατία :   |b ορισμένες ποικιλίες : οι διαλέξεις Woodbridge 1983 /   |c Πήτερ Φρεντερικ Στρώσον ; μετάφραση: Ευγενία Μυλωνάκη ; εισαγωγή, επιμέλεια: Στέλιος Βιρβιδάκης. 
260 |a Αθήνα :   |b Εκκρεμές,   |c 2003. 
300 |a 210 σ. ;   |c 20 εκ. 
490 1 |a (Ευμενείς έλεγχοι) 
500 |a Τίτλος πρωτοτύπου: Scepticism and naturalism : some varieties. 
504 |a Περιλαμβάνει βιβλιογραφικές παραπομπές και ευρετήριο. 
650 0 |a Skepticism. 
650 0 |a Naturalism. 
830 0 |a Ευμενείς έλεγχοι 
852 |a INST  |b SYROS  |e 20221024  |h 149.73 STR  |p 005500015587  |q 005500015587  |t BK  |y 0 
970 |a Κοντού  |b Παρασκευή  |z 26/10/2022